[Event "15th LCC Super Rapid 2025"]
[Site "London ENG"]
[Date "2025.12.07"]
[Round "9.53"]
[White "Alizada, Eldar"]
[Black "Hng, Mei-En Emmanuelle"]
[Result "0-1"]
[BlackTitle "WFM"]
[WhiteElo "1976"]
[BlackElo "2125"]
[WhiteFideId "464104"]
[BlackFideId "5804566"]
[EventDate "2025.12.06"]

1. d4 c5 2. d5 Nf6 3. c4 e6 4. Nc3 exd5 5. cxd5 d6 6. e4 g6 7. f4 Bg7 8. Bb5+
Nfd7 9. Nf3 O-O 10. O-O a6 11. Bd3 b5 12. a3 c4 13. Bc2 Nc5 14. Be3 Nbd7 15. Bd4
f6 16. Qd2 Bh6 17. Rae1 Qc7 18. g3 Ne5 19. Bxc5 Nxf3+ 20. Rxf3 Qxc5+ 21. Qe3
Qxe3+ 22. Rfxe3 Bd7 23. Ne2 a5 24. Nd4 Rfe8 25. b3 Rac8 26. Rc3 Bg7 27. Rd1 f5
28. exf5 cxb3 29. Rxc8 Rxc8 30. Bxb3 Rc3 31. Ba2 Rxa3 32. Bb1 Bxd4+ 33. Rxd4 Ra1
34. Rd1 Bxf5 35. Bc2 Rxd1+ 36. Bxd1 Be4 37. Kf2 Bxd5 38. Ke3 Kf7 39. Kd4 Be6 40.
g4 a4 41. Kc3 a3 42. f5 b4+ 43. Kc2 gxf5 44. g5 b3+ 45. Kb1 Bc4 0-1

[Event "15th LCC Super Rapid 2025"]
[Site "London ENG"]
[Date "2025.12.07"]
[Round "9.54"]
[White "Eames, Robert S"]
[Black "Bansal, Saahil"]
[Result "1-0"]
[WhiteTitle "FM"]
[WhiteElo "2110"]
[BlackElo "2016"]
[WhiteFideId "408743"]
[BlackFideId "438316"]
[EventDate "2025.12.06"]

1. e4 c6 2. d4 d5 3. e5 e6 4. Nf3 c5 5. c3 Nc6 6. Bd3 cxd4 7. cxd4 Nge7 8. Nc3
Ng6 9. h4 Be7 10. h5 Nf8 11. h6 g6 12. Be3 Qb6 13. Qd2 Bd7 14. O-O Nb4 15. Be2
Nc6 16. Rfc1 Rc8 17. Na4 Qb4 18. Qd1 Qa5 19. a3 f6 20. b4 Qd8 21. exf6 Bxf6 22.
Nc5 b6 23. Nxd7 Nxd7 24. Ba6 Ne7 25. Bxc8 Nxc8 26. Rc6 Kf7 27. Rac1 Ne7 28. Ng5+
Bxg5 29. Bxg5 Qe8 30. Qf3+ Nf5 31. g4 1-0

[Event "15th LCC Super Rapid 2025"]
[Site "London ENG"]
[Date "2025.12.07"]
[Round "9.55"]
[White "Jain, Gautam"]
[Black "Willmoth, Robert F"]
[Result "1/2-1/2"]
[BlackTitle "CM"]
[WhiteElo "1988"]
[BlackElo "2130"]
[WhiteFideId "425311"]
[BlackFideId "402540"]
[EventDate "2025.12.06"]

1. e4 g6 2. Nc3 Bg7 3. f4 d6 4. Nf3 Nf6 5. d4 O-O 6. e5 dxe5 7. fxe5 Nd5 8. Bc4
Nb6 9. Bb3 Nc6 10. a4 a5 11. O-O Bg4 12. Be3 Nb4 13. Qd2 Bxf3 14. Rxf3 c5 15.
dxc5 Qxd2 16. Bxd2 Nd7 17. e6 Nxc5 18. exf7+ Kh8 19. Re1 Nxb3 20. cxb3 Bf6 21.
Ne4 Rxf7 22. Nxf6 exf6 23. Bxb4 axb4 24. Re4 Rd8 25. Rxb4 Rd1+ 26. Rf1 Rd2 27.
Rf2 Rd1+ 28. Rf1 Rd2 29. Rf2 Rd1+ 1/2-1/2

[Event "15th LCC Super Rapid 2025"]
[Site "London ENG"]
[Date "2025.12.07"]
[Round "9.56"]
[White "Batchelor, Mark"]
[Black "Rizvi, Nasir"]
[Result "1-0"]
[WhiteElo "1814"]
[BlackElo "1939"]
[WhiteFideId "343452213"]
[BlackFideId "1800540"]
[EventDate "2025.12.06"]

1. d4 Nf6 2. c4 c5 3. d5 b5 4. cxb5 a6 5. b6 e6 6. Nc3 Nxd5 7. Nxd5 exd5 8. Qxd5
Nc6 9. e4 Be7 10. Nf3 O-O 11. Bc4 Rb8 12. O-O Qxb6 13. Bf4 d6 14. Qh5 Qxb2 15.
Bxd6 g6 16. Qxc5 Bxd6 17. Qxd6 Rb6 18. Bb3 Rd8 19. Qc7 Rxb3 20. axb3 1-0

[Event "15th LCC Super Rapid 2025"]
[Site "London ENG"]
[Date "2025.12.07"]
[Round "9.57"]
[White "Quillaud, Maxime"]
[Black "Han, Qixiang"]
[Result "0-1"]
[WhiteElo "1851"]
[BlackElo "2104"]
[WhiteFideId "343272007"]
[BlackFideId "496952"]
[EventDate "2025.12.06"]

1. d4 d5 2. c4 dxc4 3. e3 e5 4. Bxc4 Nc6 5. Nf3 e4 6. Nfd2 Qg5 7. Nxe4 Qxg2 8.
Ng3 Bd6 9. Bf1 Qd5 10. Nc3 Bb4 11. Bd2 Bxc3 12. bxc3 h5 13. c4 Qd8 14. Bc3 h4
15. Ne4 Qe7 16. Bg2 Nh6 17. d5 h3 18. Bf3 Ne5 19. Rg1 Bf5 20. d6 Nxf3+ 21. Qxf3
Bxe4 22. Qf4 Qe6 23. Rd1 O-O-O 24. f3 Bc6 25. Bxg7 Rhg8 26. Kf2 Nf5 27. Be5 cxd6
28. Bd4 Nxd4 29. Qxd4 Kb8 30. e4 Qe7 31. Rd2 a6 32. Rdd1 Qh4+ 33. Ke3 Qh6+ 34.
Ke2 Qf4 35. Qf2 f5 36. exf5 Rxg1 37. Rxg1 Re8+ 38. Kd3 Bxf3 39. Rf1 Qxf5+ 40.
Kc3 Qe5+ 41. Kb3 Bg2 42. Rd1 Qe3+ 43. Qxe3 Rxe3+ 44. Kb4 Kc7 45. c5 dxc5+ 46.
Kxc5 b6+ 47. Kd4 Rf3 48. Rc1+ Kb7 49. Rc2 Rf1 50. a4 Rh1 51. a5 Rxh2 52. Ke3 Rh1
53. Kf2 Ra1 0-1

[Event "15th LCC Super Rapid 2025"]
[Site "London ENG"]
[Date "2025.12.07"]
[Round "9.59"]
[White "Bevis, Noah"]
[Black "Sivanandan, Bodhana"]
[Result "1/2-1/2"]
[BlackTitle "WIM"]
[WhiteElo "1921"]
[BlackElo "2233"]
[WhiteFideId "343434630"]
[BlackFideId "497592"]
[EventDate "2025.12.06"]

1. d4 d5 2. c4 c6 3. Nf3 Nf6 4. Nc3 e6 5. e3 Nbd7 6. Qc2 Bd6 7. Bd3 O-O 8. O-O
dxc4 9. Bxc4 b5 10. Be2 Bb7 11. Rd1 Qc7 12. h3 a6 13. e4 e5 14. dxe5 Nxe5 15.
Be3 c5 16. Nd5 Bxd5 17. exd5 Nxf3+ 18. Bxf3 Rfe8 19. Rac1 Rac8 20. b3 Qe7 21. a4
Qe5 22. g3 Nh5 23. Qc3 Qxc3 24. Rxc3 b4 25. Rcd3 Nf6 26. Rc1 Rc7 27. Rc4 Nd7 28.
Bf4 Ne5 29. Bxe5 Rxe5 30. Kg2 Rce7 31. Rd1 a5 32. Kf1 f5 33. Rc2 Kf7 34. Re2
Rxe2 35. Bxe2 g5 36. Bc4 Kf6 37. Rd3 f4 38. gxf4 gxf4 39. f3 Rg7 40. Kf2 Rg3 41.
Rd1 Rxh3 42. Re1 Be5 43. d6 Rh2+ 44. Kg1 Rd2 45. Re2 Rxd6 46. Rh2 Kg6 47. Rg2+
Kf6 48. Rh2 Rd1+ 49. Kg2 Kg6 50. Rh4 h5 51. Rh1 Rd2+ 52. Kh3 Bd4 53. Re1 Be3 54.
Re2 Rd1 55. Rg2+ Kf6 56. Rg8 Rc1 57. Rf8+ Ke5 58. Rd8 Rh1+ 59. Kg2 Rg1+ 60. Kh2
Re1 61. Rd5+ Kf6 62. Rxh5 Bg1+ 63. Kg2 Bd4 64. Rd5 Rg1+ 65. Kh2 Rg3 66. Rd6+ Ke7
67. Re6+ Kd7 68. Ra6 Rxf3 69. Rxa5 Rc3 70. Ra7+ Kd6 71. Ra6+ Ke5 72. Re6+ Kf5
73. Re8 f3 74. Kg3 f2+ 75. Kg2 Rc1 76. Bf1 Ra1 77. Re7 Kf6 78. Re8 Rb1 79. Rf8+
Ke5 80. Rf3 Ra1 81. Bd3 Rg1+ 82. Kh2 Kd5 83. a5 Ra1 84. a6 Ra3 85. Kg2 Ke5 86.
Rf5+ Ke6 87. Rf3 Kd6 88. Bc4 Ke5 89. Rf7 Ra1 90. Bf1 Ra3 91. Bc4 Ra1 92. Bf1 Ra3
93. Bc4 Ra1 94. Bf1 1/2-1/2

[Event "15th LCC Super Rapid 2025"]
[Site "London ENG"]
[Date "2025.12.07"]
[Round "9.60"]
[White "Duke, Dillan"]
[Black "White, Stuart A"]
[Result "1/2-1/2"]
[WhiteElo "2031"]
[BlackElo "2059"]
[WhiteFideId "487538"]
[BlackFideId "407747"]
[EventDate "2025.12.06"]

1. e4 c5 2. Nf3 d6 3. d4 cxd4 4. Nxd4 Nf6 5. Nc3 Nc6 6. Bg5 e6 7. Qd2 a6 8.
O-O-O Be7 9. f4 Bd7 10. Bxf6 Bxf6 11. Nxc6 Bxc6 12. Qxd6 Qxd6 13. Rxd6 Bxc3 14.
bxc3 Bxe4 15. Bd3 Ke7 16. Rb6 Bc6 17. Re1 Kd6 18. a4 a5 19. Be4 Kc7 20. Rb3 Ra6
21. Bxc6 Rxc6 22. Re5 b6 23. Re4 Rd8 24. g3 Rd5 25. Kb2 Rd2 26. h4 Rg2 27. c4
Rd6 28. Rc3 Kc6 29. Re5 Rd4 30. Kb3 Rg1 31. Rb5 Rdd1 32. c5 Rb1+ 33. Kc4 Rb4+
34. Rxb4 axb4 35. Kxb4 Rb1+ 36. Ka3 bxc5 37. Rd3 Rb8 38. c3 f6 39. g4 e5 40.
fxe5 fxe5 41. c4 Rb4 42. Re3 Rxc4 43. Rxe5 Rxg4 44. h5 Rg3+ 45. Kb2 Kd6 46. Rf5
g6 47. hxg6 hxg6 48. Rf1 Re3 49. Rg1 Re6 50. Rg5 Kc6 51. Kb3 Kb6 52. Kc4 Rc6 53.
a5+ Kxa5 54. Rxc5+ Rxc5+ 55. Kxc5 1/2-1/2

[Event "15th LCC Super Rapid 2025"]
[Site "London ENG"]
[Date "2025.12.07"]
[Round "9.61"]
[White "Sadeghi, Hassan Roger"]
[Black "Palani Narendhranath"]
[Result "1-0"]
[WhiteTitle "CM"]
[WhiteElo "2029"]
[BlackElo "1836"]
[WhiteFideId "1304712"]
[BlackFideId "46608680"]
[EventDate "2025.12.06"]

1. Nf3 d5 2. c4 Nf6 3. cxd5 Nxd5 4. d4 g6 5. e4 Nf6 6. Nc3 Bg7 7. h3 O-O 8. Be3
c6 9. Qd2 Qa5 10. a3 Rd8 11. b4 Qc7 12. Rc1 b6 13. Bc4 a5 14. e5 Ne8 15. O-O
axb4 16. axb4 Na6 17. Qa2 e6 18. Bg5 Rd7 19. b5 cxb5 20. Bxb5 Qb7 21. Bxd7 Qxd7
22. Qa4 Nec7 23. Qxd7 Bxd7 24. Ne4 Nd5 25. Nc3 Ndb4 26. Rfd1 Bc6 27. Be7 Re8 28.
Bd6 Bf8 29. Bxf8 Kxf8 30. Ng5 h6 31. Nge4 Ba8 32. Nd6 Rd8 33. Ncb5 Nd5 34. Rc8
Rxc8 35. Nxc8 f6 36. Ra1 Nac7 37. Nxc7 Nxc7 38. Ra7 fxe5 39. dxe5 b5 40. Rxc7 b4
41. Nb6 Be4 42. Rc4 1-0

[Event "15th LCC Super Rapid 2025"]
[Site "London ENG"]
[Date "2025.12.07"]
[Round "9.62"]
[White "Morea, Georgiana-Steluta"]
[Black "Boganadham, Ved Sudeep"]
[Result "1-0"]
[WhiteElo "1920"]
[BlackElo "1720"]
[WhiteFideId "1204319"]
[BlackFideId "343436048"]
[EventDate "2025.12.06"]

1. c4 Nf6 2. Nc3 g6 3. g3 Bg7 4. Bg2 O-O 5. d3 d6 6. e4 c5 7. Nge2 Nc6 8. O-O
Rb8 9. h3 a6 10. f4 b5 11. e5 dxe5 12. Bxc6 Bxh3 13. Bg2 Bxg2 14. Kxg2 Nh5 15.
Rb1 Qd7 16. fxe5 Bxe5 17. Bf4 Qc6+ 18. Kh2 Bg7 19. Bxb8 Rxb8 20. Nf4 Nf6 21.
Ncd5 Nxd5 22. Nxd5 Qd7 23. Qf3 Rf8 24. Qe4 Re8 25. b3 f5 26. Qf3 e5 27. Rbe1
bxc4 28. bxc4 Rb8 29. Re2 Qd6 30. Qe3 Rf8 31. Qg5 Bf6 32. Nxf6+ Rxf6 33. Qe3 Re6
34. Qf3 Kg7 35. Qd5 Qe7 36. Rb2 Kh6 37. Kg2 f4 38. Rh1+ Kg5 39. gxf4+ Kf6 40.
Qf3 h5 41. fxe5+ Kxe5 42. Re1+ Kd4 43. Qd5+ Kc3 44. Rxe6 Qc7 45. Rf2 h4 46. Qe5+
Kb4 47. Qxc7 h3+ 48. Kxh3 g5 49. Qb6+ Kc3 50. Qb2+ 1-0

[Event "15th LCC Super Rapid 2025"]
[Site "London ENG"]
[Date "2025.12.07"]
[Round "9.63"]
[White "Zhuravlev, Andrei"]
[Black "Witte, Phoebe"]
[Result "1-0"]
[WhiteElo "1470"]
[BlackElo "1581"]
[WhiteFideId "1806548"]
[BlackFideId "1090500"]
[EventDate "2025.12.06"]

1. e4 e6 2. d4 d5 3. exd5 exd5 4. Nc3 Nf6 5. Nf3 Bg4 6. h3 Bf5 7. Bf4 Bd6 8. Be3
O-O 9. Bd3 Bxd3 10. Qxd3 Re8 11. O-O h6 12. Rfe1 Nbd7 13. Bd2 c6 14. Rxe8+ Qxe8
15. Re1 Qd8 16. Ne2 Qc7 17. Nc3 Re8 18. Rxe8+ Nxe8 19. Be3 Bf4 20. Bxf4 Qxf4 21.
Ne2 Qd6 22. Qb3 Qc7 23. Ng3 Nef6 24. Qa3 a6 25. Nf5 Qf4 26. Ne3 Nf8 27. Qe7 N8d7
28. Qd8+ Kh7 29. Qa8 Qc7 30. Ne5 Nb6 31. Qf8 Na4 32. b3 Nc3 33. Nf5 Nce4 34.
Qxg7# 1-0

[Event "15th LCC Super Rapid 2025"]
[Site "London ENG"]
[Date "2025.12.07"]
[Round "9.65"]
[White "Grose, Kameron"]
[Black "Brett, Andrew R"]
[Result "1-0"]
[WhiteElo "1986"]
[BlackElo "2034"]
[WhiteFideId "474010"]
[BlackFideId "416460"]
[EventDate "2025.12.06"]

1. e4 e5 2. Nf3 Nc6 3. Bc4 Nf6 4. d3 h6 5. c3 g6 6. O-O Bg7 7. Re1 O-O 8. Nbd2
d5 9. Bb3 Re8 10. Qe2 Be6 11. Nf1 a6 12. Ng3 Qd7 13. Bd2 Rad8 14. Rad1 d4 15.
Bc1 Bxb3 16. axb3 Qe6 17. Qc2 Rd7 18. h3 b5 19. b4 Bf8 20. Nd2 Red8 21. Nb3 Kh7
22. Rf1 h5 23. Ne2 Bxb4 24. f4 dxc3 25. bxc3 Be7 26. f5 gxf5 27. Rxf5 Nxe4 28.
Rxh5+ Kg6 29. Rh6+ Kg7 30. Rxe6 fxe6 31. d4 Nf6 32. Bg5 exd4 33. Nbxd4 Nxd4 34.
Nxd4 Kf7 35. Bxf6 Bxf6 36. Qh7+ 1-0

[Event "15th LCC Super Rapid 2025"]
[Site "London ENG"]
[Date "2025.12.07"]
[Round "9.66"]
[White "Basson, Heinrich"]
[Black "Smith, Andrew Philip"]
[Result "0-1"]
[BlackTitle "FM"]
[WhiteElo "1900"]
[BlackElo "2145"]
[WhiteFideId "14301440"]
[BlackFideId "2500833"]
[EventDate "2025.12.06"]

1. d4 Nf6 2. Nf3 c5 3. c3 b6 4. g3 Bb7 5. Bg2 g6 6. O-O Bg7 7. Nbd2 O-O 8. b3
Ne4 9. Bb2 Nxd2 10. Qxd2 d6 11. Rfe1 Be4 12. Nh4 Bxg2 13. Kxg2 cxd4 14. cxd4 Nd7
15. e4 Nf6 16. d5 Rc8 17. Nf3 Qd7 18. Nd4 Rc7 19. Nc6 e6 20. Rac1 Re8 21. Bxf6
Bxf6 22. b4 b5 23. Qd3 a6 24. a4 bxa4 25. Qxa6 Bb2 26. Rcd1 a3 27. b5 Rb7 28. b6
e5 29. Rd3 Qc8 30. Rb3 Qa8 31. Na7 Reb8 32. Qa5 Bd4 33. Qxa3 Rxb6 0-1

[Event "15th LCC Super Rapid 2025"]
[Site "London ENG"]
[Date "2025.12.07"]
[Round "9.67"]
[White "Doran, Chris"]
[Black "Pein, Jonathan"]
[Result "0-1"]
[BlackTitle "FM"]
[WhiteElo "1972"]
[BlackElo "2331"]
[WhiteFideId "503835"]
[BlackFideId "417092"]
[EventDate "2025.12.06"]

1. e4 e6 2. d4 d5 3. Nd2 f5 4. exf5 exf5 5. Bd3 Nf6 6. Ngf3 Bd6 7. O-O O-O 8.
Ne5 c5 9. c3 Nc6 10. Ndf3 cxd4 11. cxd4 Qc7 12. Nxc6 bxc6 13. h3 Ne4 14. Bd2 Bd7
15. Rc1 Rae8 16. a3 f4 17. Bb4 Bxb4 18. axb4 Qc8 19. Kh2 Rf6 20. Ne5 Bxh3 21.
Bxe4 Rh6 22. Bxd5+ Be6+ 23. Kg1 Bxd5 24. b5 Rh1+ 0-1

[Event "15th LCC Super Rapid 2025"]
[Site "London ENG"]
[Date "2025.12.07"]
[Round "9.68"]
[White "Ciolek, Andreas"]
[Black "Ding, Yiwen"]
[Result "1/2-1/2"]
[WhiteTitle "FM"]
[WhiteElo "2206"]
[BlackElo "1914"]
[WhiteFideId "12906727"]
[BlackFideId "495980"]
[EventDate "2025.12.06"]

1. e4 c6 2. d4 d5 3. e5 e6 4. Nf3 c5 5. c3 Nc6 6. Bd3 Nge7 7. Na3 cxd4 8. cxd4
Nf5 9. Nc2 Be7 10. O-O O-O 11. Re1 Nb4 12. Nxb4 Bxb4 13. Bd2 Be7 14. b4 Bd7 15.
Qb3 g6 16. a4 Rc8 17. Rac1 Qb6 18. Bxf5 gxf5 19. Qe3 Kh8 20. Rxc8 Bxc8 21. Ng5
Bxg5 22. Qxg5 Qd8 23. Qxd8 Rxd8 24. Bg5 Rf8 25. Bf6+ Kg8 26. Re3 f4 27. Rf3 Bd7
28. g3 Rc8 29. gxf4 Bxa4 30. Be7 Bc2 31. Ra3 a6 32. Bc5 h5 33. Kg2 Kh7 34. Rg3
Rg8 35. Kh3 Rxg3+ 36. fxg3 Kg6 37. Kh4 Bd1 38. h3 Kf5 39. Bb6 Be2 1/2-1/2

[Event "15th LCC Super Rapid 2025"]
[Site "London ENG"]
[Date "2025.12.07"]
[Round "10.1"]
[White "Abdusattorov, Nodirbek"]
[Black "Theodorou, Nikolas"]
[Result "0-1"]
[WhiteTitle "GM"]
[BlackTitle "GM"]
[WhiteElo "2750"]
[BlackElo "2656"]
[WhiteFideId "14204118"]
[BlackFideId "4262875"]
[EventDate "2025.12.06"]

1. e4 c5 2. Nf3 Nc6 3. d4 cxd4 4. Nxd4 e5 5. Ne2 Nf6 6. Nbc3 Bc5 7. Ng3 d6 8.
Na4 Bb4+ 9. c3 Ba5 10. b4 Bc7 11. Be2 O-O 12. O-O Be6 13. Be3 a6 14. a3 b5 15.
Nb2 d5 16. Nd3 d4 17. cxd4 Nxd4 18. Nc5 Bb6 19. Bxd4 Qxd4 20. Nxe6 fxe6 21. Qb3
Qd7 22. Rad1 Bd4 23. Nf5 Rad8 24. Nxd4 exd4 25. e5 Qd5 26. Qxd5 Nxd5 27. Bg4 Nc3
28. Bxe6+ Kh8 29. Rd2 Rfe8 30. Rc1 g6 31. f3 Rb8 32. Bd7 Rxe5 33. Kf1 Rd8 34.
Bc6 Rd6 35. f4 Rf5 36. Bf3 Rxf4 37. Re1 Kg7 38. Re7+ Rf7 39. Re8 Ra7 40. Rc8 Nd5
41. Re8 Nb6 42. Re4 d3 43. Rd1 Nc4 44. a4 Nb2 45. Rd2 Nxa4 46. Kf2 Nb6 47. Rd1
Nc4 48. Ra1 Rf7 49. Kg3 0-1

[Event "15th LCC Super Rapid 2025"]
[Site "London ENG"]
[Date "2025.12.07"]
[Round "10.2"]
[White "Firouzja, Alireza"]
[Black "Kovchan, Alexander"]
[Result "1-0"]
[WhiteTitle "GM"]
[BlackTitle "GM"]
[WhiteElo "2762"]
[BlackElo "2440"]
[WhiteFideId "12573981"]
[BlackFideId "14103052"]
[EventDate "2025.12.06"]

1. d4 d6 2. Nf3 g6 3. e4 Nf6 4. Bd3 Bg7 5. O-O O-O 6. Re1 Nc6 7. d5 Nb4 8. Bf1
e6 9. a3 Na6 10. h3 exd5 11. exd5 Nc5 12. Nc3 Re8 13. Rxe8+ Qxe8 14. Be3 a6 15.
Bd4 Bd7 16. Qd2 Nfe4 17. Nxe4 Nxe4 18. Qb4 Bxd4 19. Qxd4 Nc5 20. Re1 Qf8 21. b4
Na4 22. Ng5 f5 23. Nxh7 Kxh7 24. Qh4+ Kg8 25. Re7 Qxe7 26. Qxe7 Nb6 27. c4 Re8
28. Qf6 Re1 29. Qd8+ Be8 30. f3 Kf8 31. Qxc7 Nxc4 32. Kf2 Rxf1+ 33. Kxf1 b5 34.
Kf2 Bf7 35. Qc8+ 1-0

[Event "15th LCC Super Rapid 2025"]
[Site "London ENG"]
[Date "2025.12.07"]
[Round "10.3"]
[White "Adams, Michael"]
[Black "Dominguez Perez, Leinier"]
[Result "1/2-1/2"]
[WhiteTitle "GM"]
[BlackTitle "GM"]
[WhiteElo "2635"]
[BlackElo "2738"]
[WhiteFideId "400041"]
[BlackFideId "3503240"]
[EventDate "2025.12.06"]

1. e4 e5 2. Nf3 Nc6 3. Bb5 Nf6 4. d3 Bc5 5. Bxc6 dxc6 6. Nbd2 Nd7 7. O-O f6 8.
Nc4 Nf8 9. Be3 Bxe3 10. Nxe3 Ne6 11. Qd2 c5 12. Kh1 O-O 13. b3 a5 14. a4 b6 15.
Ng1 c6 16. Ne2 Ra7 17. f4 exf4 18. Nxf4 Nxf4 19. Rxf4 Be6 20. h3 Qd4 21. Rff1
Rd8 22. Qe1 h6 23. Nf5 Bxf5 24. Rxf5 Re8 25. Rd1 Re5 26. Qg3 Rxf5 27. exf5 Re7
28. Re1 Rxe1+ 29. Qxe1 Kh7 30. Qg3 Qc3 31. Qg6+ Kh8 32. Qe8+ Kh7 33. Qg6+ Kh8
34. Qe8+ 1/2-1/2

[Event "15th LCC Super Rapid 2025"]
[Site "London ENG"]
[Date "2025.12.07"]
[Round "10.4"]
[White "Rozen, Eytan"]
[Black "Eljanov, Pavel"]
[Result "1/2-1/2"]
[WhiteTitle "IM"]
[BlackTitle "GM"]
[WhiteElo "2515"]
[BlackElo "2656"]
[WhiteFideId "2816750"]
[BlackFideId "14102951"]
[EventDate "2025.12.06"]

1. d4 Nf6 2. Nf3 d5 3. c4 e6 4. Nc3 Nbd7 5. g3 Be7 6. Bg2 O-O 7. O-O dxc4 8. a4
a5 9. e4 b6 10. Bf4 c6 11. Qc2 Ba6 12. Rfd1 Rc8 13. Rac1 Re8 14. d5 cxd5 15.
exd5 exd5 16. Nxd5 Nxd5 17. Rxd5 Rc5 18. Rd2 Qc8 19. Bh3 Qb7 20. Rxd7 Qxf3 21.
Bg2 Qg4 22. Rcd1 Bf6 23. h3 Qg6 24. Be4 Qh5 25. Kg2 Be5 26. Bd5 Bxf4 27. Bxf7+
Qxf7 28. Rxf7 Kxf7 29. Rd7+ Re7 30. Rxe7+ Kxe7 31. gxf4 Bb7+ 32. Kg3 g6 33. Qc3
Bd5 34. Qe5+ Be6 35. Qg7+ Bf7 36. Qxh7 c3 37. bxc3 Rxc3+ 38. f3 Rc5 39. Qg7 Rc4
40. Qe5+ Kf8 41. Qh8+ Ke7 42. h4 Rc5 43. Qb8 Rf5 44. Qxb6 Kf8 45. Qd4 Kg8 46.
Kf2 Rh5 47. Qd8+ Kg7 48. Ke3 Rd5 49. Qc7 Rf5 50. Ke4 Rh5 51. Qc8 Bd5+ 52. Ke3
Bf7 53. Qc3+ Kg8 54. Kf2 Rf5 55. Kg3 Rh5 56. Qc6 Rf5 57. Kf2 Rh5 58. Ke3 Rf5 59.
Qc7 Rh5 60. f5 Rxf5 61. Qd8+ Kg7 62. Qd4+ Kg8 63. Kf2 Rh5 64. Kg3 Rf5 1/2-1/2

[Event "15th LCC Super Rapid 2025"]
[Site "London ENG"]
[Date "2025.12.07"]
[Round "10.5"]
[White "Vitiugov, Nikita"]
[Black "Roebers, Eline"]
[Result "1-0"]
[WhiteTitle "GM"]
[BlackTitle "IM"]
[WhiteElo "2657"]
[BlackElo "2392"]
[WhiteFideId "4152956"]
[BlackFideId "1058401"]
[EventDate "2025.12.06"]

1. e4 d6 2. d4 Nf6 3. Nc3 Nbd7 4. f4 c6 5. Nf3 Qa5 6. Bd3 e5 7. Bd2 exd4 8. Nxd4
Nc5 9. Qf3 Qc7 10. O-O Be7 11. Rae1 Nxd3 12. Qxd3 O-O 13. Kh1 Re8 14. e5 Ng4 15.
Ndb5 cxb5 16. exd6 Qc5 17. Rxe7 Bf5 18. Qd5 Qxd5 19. Nxd5 Red8 20. Bb4 a5 21.
Bc5 Rac8 22. Nc7 b6 23. Bxb6 Rxd6 24. Bxa5 Bxc2 25. h3 Nf6 26. Rc1 Be4 27. Bb4
Rd3 28. Kh2 Bb7 29. Rc5 Rd4 30. Rxb5 Bc6 31. Rb6 Bd7 32. Bc3 Rc4 33. Bxf6 R4xc7
34. Be5 Rc6 35. Rxc6 Bxc6 36. Bc3 Bd5 37. a4 f6 38. a5 Bc4 39. Kg3 Rd8 40. Kf2
h5 41. Rc7 Bd3 42. g4 hxg4 43. hxg4 Re8 44. g5 Re6 45. b4 Kf8 46. Kf3 Re7 47.
Rc5 fxg5 48. fxg5 Rb7 49. Ke3 Bb5 50. Kd4 Ke7 51. Rc8 Kd6 52. Bd2 Rf7 53. Rb8
Rf5 54. Rd8+ Kc6 55. Ke4 Rf2 56. Be3 Rb2 57. Bc5 Rb3 58. Rb8 Bd3+ 59. Ke5 Kc7
60. Rg8 g6 61. Kd5 Kb7 62. Rg7+ Ka6 63. Ra7+ Kb5 64. Rb7+ Ka4 65. Rb6 Ra3 66.
Kd4 Bf5 67. a6 Kb3 68. Rf6 Ra4 69. Rxf5 gxf5 70. a7 1-0

[Event "15th LCC Super Rapid 2025"]
[Site "London ENG"]
[Date "2025.12.07"]
[Round "10.6"]
[White "Cancedda-Dupuis, Livio"]
[Black "Mishra, Abhimanyu"]
[Result "1/2-1/2"]
[BlackTitle "GM"]
[WhiteElo "2160"]
[BlackElo "2642"]
[WhiteFideId "499447"]
[BlackFideId "30920019"]
[EventDate "2025.12.06"]

1. e4 c5 2. Nc3 d6 3. d4 cxd4 4. Qxd4 Nc6 5. Qd2 g6 6. b3 Bh6 7. f4 Nf6 8. Bb2
O-O 9. O-O-O e5 10. g3 Re8 11. Bg2 Bg4 12. Rf1 Nd4 13. Kb1 d5 14. h3 Be6 15. g4
Nxe4 16. Nxe4 dxe4 17. Bxe4 Bd5 18. Qg2 Bxe4 19. Qxe4 Rc8 20. Nf3 Nxf3 21. Rxf3
Bxf4 22. Qxb7 Re7 23. Qe4 Rd7 24. Rd3 Rxd3 25. Qxd3 Qxd3 26. cxd3 f6 27. Rf1 Kf7
28. d4 Ke6 29. a4 g5 30. Rd1 e4 31. d5+ Kd6 32. Ba3+ Kd7 33. Re1 e3 34. Bb2 Kd6
35. Bd4 Re8 36. Kc2 Kxd5 37. Kd3 Rb8 38. Rb1 Rd8 39. Re1 Rb8 40. Rb1 e2 41. Bf2
a5 42. Kxe2 Ke4 43. Bc5 Rd8 44. Rd1 Rxd1 45. Kxd1 Kd3 46. Be7 Kc3 47. Bd8 Kxb3
48. Bxa5 Kxa4 49. Bd8 Be5 50. Kc2 Kb5 51. Kd3 Kc6 52. Ke4 Kd7 53. Ba5 Ke6 54.
Bd2 Bb2 55. Be3 Bc3 56. Bb6 Kf7 57. Kf5 Kg7 58. Be3 h6 59. Bc5 Be5 60. Bb4 Kf7
61. Bc5 Bc7 62. Bd4 Bd8 63. Bc3 Be7 64. Bd4 Bd8 65. Bc3 Be7 1/2-1/2

[Event "15th LCC Super Rapid 2025"]
[Site "London ENG"]
[Date "2025.12.07"]
[Round "10.7"]
[White "Aghayev, Miragha"]
[Black "Stefanova, Antoaneta"]
[Result "1/2-1/2"]
[WhiteTitle "IM"]
[BlackTitle "GM"]
[WhiteElo "2430"]
[BlackElo "2391"]
[WhiteFideId "818070"]
[BlackFideId "2902257"]
[EventDate "2025.12.06"]

1. e4 c6 2. d4 d5 3. Nd2 dxe4 4. Nxe4 Nf6 5. Nxf6+ exf6 6. c3 Bd6 7. Bd3 O-O 8.
Qc2 Re8+ 9. Ne2 h5 10. O-O h4 11. h3 Nd7 12. Bd2 Nf8 13. Rae1 Bd7 14. c4 Rc8 15.
Qb3 b6 16. d5 cxd5 17. cxd5 Ng6 18. Bxg6 fxg6 19. Nd4 g5 20. Bc3 Rxe1 21. Rxe1
Qf8 22. Ne6 Qf7 23. Bb4 Bb8 24. Qf3 a5 25. Bc3 Re8 26. Qf5 Bd6 27. a3 Bxe6 28.
dxe6 Qe7 29. Qb5 Rb8 30. Qd5 Bc5 31. Qe4 Rd8 32. Kf1 Kh8 33. Qg6 Rf8 34. Qh5+
Kg8 35. Qf3 Qc7 36. Kg1 Be7 37. Rd1 Rd8 38. Rxd8+ Qxd8 39. Qh5 Qf8 40. a4 Bc5
41. Qf3 Qd6 42. Qa8+ Kh7 43. Qe4+ Kg8 44. Qa8+ Kh7 45. Qe4+ Kg8 46. Qa8+ 1/2-1/2

[Event "15th LCC Super Rapid 2025"]
[Site "London ENG"]
[Date "2025.12.07"]
[Round "10.8"]
[White "Pranav, Anand"]
[Black "Banerjee, Supratit"]
[Result "1-0"]
[WhiteTitle "GM"]
[BlackTitle "FM"]
[WhiteElo "2581"]
[BlackElo "2323"]
[WhiteFideId "46626786"]
[BlackFideId "2410079"]
[EventDate "2025.12.06"]

1. e4 e5 2. Nf3 Nf6 3. d4 Nxe4 4. Bd3 d5 5. Nxe5 Bd6 6. O-O O-O 7. c4 c6 8. Nc3
Nxc3 9. bxc3 Nd7 10. Nxd7 Bxd7 11. cxd5 cxd5 12. Qh5 f5 13. a4 Qc7 14. Bd2 Rae8
15. g3 g6 16. Qf3 f4 17. g4 Bc6 18. Kg2 Re4 19. h4 Qe7 20. Rh1 Qe6 21. Rae1 Re8
22. Bb5 h6 23. Rb1 Rf8 24. h5 g5 25. Kh3 Rf7 26. Rhe1 Re7 27. Bxc6 bxc6 28. Qd3
f3 29. Rxe4 Qxe4 30. Qxe4 dxe4 31. a5 Bf4 32. Be3 Bxe3 33. fxe3 Kf7 34. Kg3 Ke6
35. c4 Kd6 36. a6 Rc7 37. Rb8 Rh7 38. Kf2 Ke6 39. Rg8 Rf7 40. Rh8 Rf6 41. Rh7
Rf8 42. Rxh6+ Kd7 43. Rh7+ Kd6 44. Rxa7 Rb8 45. Rb7 Ra8 46. a7 Ke6 47. h6 Kf6
48. h7 Kg6 49. Rb8 Rxa7 50. h8=Q Ra2+ 51. Kg3 Rg2+ 52. Kh3 1-0